Movies Based on Comics - Statistics

General Stats
  • This quiz has been taken 422 times
  • The average score is 9 of 18
Answer Stats
Hint Answer % Correct
A student gains superpowers and becomes a web-slinging crime fighter 2002 Spider-Man
88%
A wealthy industrialist builds a technologically advanced suit of armor and uses it to fight against evil 2008 Iron Man
86%
Wesley Snipes is a "daywalker" who hunts vampires, being half-vampire himself 1998 Blade
84%
Christian Bale plays a millionaire playboy who fights crime under a secret identity 2005 Batman Begins
82%
A green quartet trained in martial arts fights against a ninja clan in New York 1990 Teenage Mutant Ninja Turtles
71%
This 3D movie features a young journalist, his little white dog and a drunken sea captain 2011 The Adventures of Tintin: The Secret of the Unicorn
68%
This film featuring Sylvester Stallone as a law enforcer in dystopian future was considered a flop 1995 Judge Dredd
65%
In the 2030's, a masked vigilante fights the totalitarian government of the United Kingdom 2006 V for Vendetta
64%
A film set in an alternate history 1985 featuring a group of mostly retired superheroes 2009 Watchmen
63%
Dark, stylish film set in a miserable place called Basin City 2005 Sin City
52%
A movie about a comic strip detective, featuring Madonna in a supporting role 1990 Dick Tracy
41%
A murdered man comes back to life to avenge his and his fiancee's death 1994 The Crow
38%
A small village in Gaul holds out against Roman invaders with the help of a magic potion that makes them invincible 1999 Asterix & Obelix Take on Caesar
33%
A movie based on a comic book speculating upon the identity of Jack the Ripper 2001 From Hell
29%
A mix of fiction and reality illuminates the life of comic book hero everyman Harvey Pekar 2003 American Splendor
12%
A sadomasochistic yakuza enforcer goes looking for his missing boss and encounters a psychotic killer 2001 Ichi the Killer
7%
These four brothers are the worst outlaws in the Wild West! 2004 Les Dalton
6%
Young female assassin named Yuki goes after a gang of criminals who destroyed her family 1973 Lady Snowblood
2%
No matching quizzes found
Score Distribution
Percent of People with Each Score
Percentile by Number Answered
Your Score History
You have not taken this quiz